000 01378cam a22002175a 4500
001 l156808
008 170712s2012 xxk f 000 0 eng d
020 _a9781850730637
035 _a(Sirsi) u156808
041 0 _aeng
050 0 4 _a624.25 $2 18
110 2 _aBritish Constructional Steelwork Association
_91564
245 0 0 _aEurocode load combinations for steel structures
260 _aLondon
_bBCSA
_c2010
505 2 _aIntroduction -- Abbreviations, definitions and symbols -- combinations of actions -- Multi-storey buildings -- Industrial buildings -- references.
520 _aA design guide which explains the Eurocode load combinations for steel structures based on the recommendations given in BS EN 1990 'Eurocode - Basis of Structural Design' and BS EN 1991 'Eurocode 1 - Actions on Structures'. The design guide is called 'Eurocode Load Combinations for Steel Structures'. The principal aim of this publication is to provide the reader with straightforward guidance on the loading and load combinations for both the serviceability and ultimate limit states for the following building types: Multi-storey buildings-Simple construction, Multi-storey buildings-Continuous construction, Portal frames without cranes, and Portal frames with cranes.
521 _aAdvanced
651 4 _aUnited Kingdom
_y
690 _aBuilding regulations
_96224
942 _n0
999 _c114424
_d114424